000 00361nam a22001457a 4500
003 OSt
008 240830b |||||||| |||| 00| 0 eng d
020 _a9788123024318
082 _a793.3195
_bVEI
100 _aVENKATARAMAN, Leela
245 _aIndian Dance : Through Critic's Eye
260 _aNew Delhi:
_bMIABGI,
_c2017.
300 _a205p.
942 _2ddc
_cBK
999 _c12866
_d12866